000 00674nam a2200289Ia 4500
005 20260324113706.0
008 008 260324s9999 xx 000 0 eng d
020 _a9780367816612
037 _aEBOOK
040 _aCRL
040 _beng
040 _cCRL
041 _2eng
041 _aeng
084 _qCRL
100 _aGarry Robson
_91147792
245 0 _aVirtually Lost
245 0 _bYoung Americans in the Digital Technocracy
260 _bTaylor and Francis
260 _c2023
365 _a
365 _b220
856 _uhttp://www.taylorfrancis.com/books/9780367816612
942 _cEBOOK
999 _c1737578
_d1737578